| 000 | 00000cam 2200000zi 4500 |
| 001 | 9.927285 |
| 003 | CaOODSP |
| 005 | 20260220141801 |
| 006 | m o d f |
| 007 | cr ||||||||||| |
| 008 | 230914e202406 onc o f000 0 eng d |
| 020 | |a9780660679273 |
| 040 | |aCaOODSP|beng|erda|cCaOODSP |
| 043 | |an-cn--- |
| 086 | 1 |aT86-77/2023E-PDF |
| 245 | 00|aGuide for Canadian vessels' operators for compliance with the Marine Safety Management System Regulations. |
| 250 | |aFirst edition. |
| 264 | 1|a[Ottawa] : |bTransport Canada = Transports Canada, |cJune 2024. |
| 264 | 4|c©2024 |
| 300 | |a1 online resource (v, 27 pages) |
| 336 | |atext|btxt|2rdacontent |
| 337 | |acomputer|bc|2rdamedia |
| 338 | |aonline resource|bcr|2rdacarrier |
| 500 | |aThe publication file in PDF format was replaced on 09-12-2024 and on 20-02-2026 at the request of Transport Canada, resulting in only minor adjustments unrelated to textual content. |
| 500 | |aIssued also in French under title: Guide à l'intention des exploitants de bâtiments canadiens pour la mise en conformité avec le Règlement sur le système de gestion de la sécurité Maritime. |
| 520 | |a"This document was developed by Transport Canada's Marine Safety and Security (TCMSS) to explain how stakeholders should comply with the requirements of the Marine Safety Management System Regulations (MSMSR)"--How to use this guide, page 1. |
| 650 | 0|aShips|xSafety regulations|zCanada. |
| 650 | 0|aNavigation|zCanada|xSafety measures. |
| 710 | 1 |aCanada. |bTransport Canada, |eissuing body. |
| 775 | 08|tGuide à l'intention des exploitants de bâtiments canadiens pour la mise en conformité avec le Règlement sur le système de gestion de la sécurité Maritime.|w(CaOODSP)9.927286 |
| 856 | 40|qPDF|s956 KB|uhttps://publications.gc.ca/collections/collection_2024/tc/T86-77-2023-eng.pdf |
| 986 | |aTP 15566E (06/2024) |